Vyākaraṇamadhyamāsottarā praśnāvalī. (Record no. 67486)

MARC details
000 -LEADER
fixed length control field 00569cam a22002171 4500
001 - CONTROL NUMBER
control field sa 66000894
003 - CONTROL NUMBER IDENTIFIER
control field DLC
005 - DATE AND TIME OF LATEST TRANSACTION
control field 20260227112218.0
008 - FIXED-LENGTH DATA ELEMENTS--GENERAL INFORMATION
fixed length control field 881028m19639999xx 000 0 sano
010 ## - LIBRARY OF CONGRESS CONTROL NUMBER
LC control number sa 66000894
035 ## - SYSTEM CONTROL NUMBER
System control number (OCoLC)23573916
040 ## - CATALOGING SOURCE
Original cataloging agency DLC
Transcribing agency MiU
Modifying agency DLC
042 ## - AUTHENTICATION CODE
Authentication code premarc
050 00 - LIBRARY OF CONGRESS CALL NUMBER
Classification number PK673
Item number .J5
100 1# - MAIN ENTRY--PERSONAL NAME
Personal name Jhā, Rāmacandra.
245 10 - TITLE STATEMENT
Title Vyākaraṇamadhyamāsottarā praśnāvalī.
260 ## - PUBLICATION, DISTRIBUTION, ETC.
Date of publication, distribution, etc. 1963-
300 ## - PHYSICAL DESCRIPTION
Extent v. in
Dimensions 19 cm.
500 ## - GENERAL NOTE
General note Romanized.
650 #0 - SUBJECT ADDED ENTRY--TOPICAL TERM
Topical term or geographic name entry element Sanskrit language
General subdivision Grammar
-- Examinations, questions, etc.

No items available.

Powered by Koha